Intelligent building - a closer look

Bibliographic Details
Main Author: Che Asiah Abdullah
Corporate Author: INSPEN
Format: Book
Published: Bangi : INSPEN , 1994
Subjects:
Online Access:http://app.inspen.gov.my:7779/pls/portal/docs/PAGE/CORPORATEPAGES/PORTAL_INSPEN/LAPORAN_PENYELIDIKAN_DI_PERPUSTAKAAN/HO.PDF

MARC

LEADER 00000cam a2200000 7i4500
001 0000007440
005 20070905.0
040 |a INS 
090 0 0 |a RESEARCH 59 
100 0 |a Che Asiah Abdullah 
245 1 0 |a Intelligent building - a closer look   |c by Che Asiah Abdullah 
260 |a Bangi :   |b INSPEN ,   |c 1994 
500 |a Digital document is available on-line; Please click the URL below 
650 0 0 |a Intelligent building 
650 0 0 |a Office building 
710 2 |a INSPEN 
856 |u http://app.inspen.gov.my:7779/pls/portal/docs/PAGE/CORPORATEPAGES/PORTAL_INSPEN/LAPORAN_PENYELIDIKAN_DI_PERPUSTAKAAN/HO.PDF 
999 |a RES0000118   |b BOOK   |c Research By JPPH Staff   |e Default branch